[Event "GBR-ch111 Major Open"]
[Site "Liverpool"]
[Date "2025.08.03"]
[Round "2.41"]
[White "Lee, Yuk Hei"]
[Black "Dissanayake, Sathsara"]
[Result "1/2-1/2"]
[WhiteElo "1868"]
[BlackElo "1733"]
[PlyCount "132"]
[EventDate "2025.08.02"]
[EventType "swiss"]
[EventRounds "9"]
[EventCountry "GBR"]
[SourceTitle "BritBase"]
[Source "John Saunders"]
[SourceDate "2025.08.11"]
[SourceVersion "1"]
[SourceVersionDate "2025.08.11"]
[SourceQuality "1"]

1. e4 c5 2. Nc3 a6 3. a3 Nc6 4. Nf3 e6 5. d4 cxd4 6. Nxd4 Nf6 7. Bc4 Be7 8. O-O O-O 9. Ba2 d5 10. exd5 exd5 11. h3 h6 12. Be3 Re8 13. Re1 Bf8 14. Qf3 Ne5 15. Qe2 Nc6 16. Qd2 Ne5 17. Rad1 Nc4 18. Qc1 Nxe3 19. Rxe3 Rxe3 20. Qxe3 Qb6 21. Bb3 Be6 22. Qf3 Rd8 23. Nce2 Bd7 24. Nf5 Qe6 25. Ne3 Bc6 26. Nf4 Qe5 27. Nd3 Qe4 28. Qf5 Qxf5 29. Nxf5 Bd7 30. Nd4 Bd6 31. Nf3 Bc6 32. Nde5 Bxe5 33. Nxe5 Re8 34. Nd3 g5 35. Nb4 Re5 36. c4 dxc4 37. Nxc6 bxc6 38. Bxc4 a5 39. Rd6 Rc5 40. Rxf6 Rxc4 41. Rxh6 Rc1+ 42. Kh2 Rc2 43. b4 axb4 44. axb4 Rc4 45. g3 Kg7 46. Rd6 Rxb4 47. Rxc6 f6 48. Rc5 Kg6 49. g4 Rb3 50. Rf5 Rb2 51. Kg3 Rb3+ 52. f3 Rb8 53. Rc5 Rb1 54. Rc3 Rg1+ 55. Kh2 Ra1 56. Rc5 Ra2+ 57. Kg3 Ra1 58. Rc2 Rg1+ 59. Kh2 Ra1 60. Rf2 Ra8 61. f4 gxf4 62. Rxf4 Ra2+ 63. Kg3 Ra3+ 64. Rf3 Ra8 65. h4 Ra5 66. Rc3 Rb5 1/2-1/2

[Event "GBR-ch111 Major Open"]
[Site "Liverpool"]
[Date "2025.08.03"]
[Round "2.42"]
[White "Shah, Samuel"]
[Black "Arnott, Jonathan W"]
[Result "0-1"]
[WhiteElo "1693"]
[BlackElo "2079"]
[PlyCount "86"]
[EventDate "2025.08.02"]
[EventType "swiss"]
[EventRounds "9"]
[EventCountry "GBR"]
[SourceTitle "BritBase"]
[Source "John Saunders"]
[SourceDate "2025.08.11"]
[SourceVersion "1"]
[SourceVersionDate "2025.08.11"]
[SourceQuality "1"]

1. e4 e6 2. d4 d5 3. exd5 exd5 4. Bd3 Nc6 5. c3 Bd6 6. Ne2 Nf6 7. Bf4 Bg4 8. f3 Bh5 9. Nd2 Qe7 10. O-O Bxf4 11. Nxf4 Qe3+ 12. Rf2 Qxf4 13. Re2+ Kf8 14. Qb3 Qd6 15. Rae1 Bg6 16. Qxb7 Rb8 17. Qa6 Bxd3 18. Qxd3 g6 19. Nb3 Kg7 20. Nc5 Rhe8 21. g3 Rxe2 22. Rxe2 Nd7 23. b4 Nxc5 24. dxc5 Qf6 25. Qxd5 Rd8 26. Qe4 Rd7 27. Qc2 Qxf3 28. Re1 Ne5 29. Qe2 f6 30. c4 Qxe2 31. Rxe2 Rd4 32. Re3 Rxc4 33. Ra3 Rxb4 34. Rxa7 Kh6 35. Rxc7 Rb1+ 36. Kf2 Rb2+ 37. Ke3 Rxa2 38. h4 Ra3+ 39. Kf2 Rc3 40. Rc8 Rxc5 41. Ra8 f5 42. Ra4 Ng4+ 43. Kf3 Rc1 0-1

[Event "GBR-ch111 Major Open"]
[Site "Liverpool"]
[Date "2025.08.03"]
[Round "2.43"]
[White "Parikh, Naavya"]
[Black "Williams, John P"]
[Result "1/2-1/2"]
[WhiteElo "1800"]
[BlackElo "2027"]
[PlyCount "79"]
[EventDate "2025.08.02"]
[EventType "swiss"]
[EventRounds "9"]
[EventCountry "GBR"]
[SourceTitle "BritBase"]
[Source "John Saunders"]
[SourceDate "2025.08.11"]
[SourceVersion "1"]
[SourceVersionDate "2025.08.11"]
[SourceQuality "1"]

1. e4 Nf6 2. Nc3 d5 3. exd5 Nxd5 4. Nf3 Nc6 5. Bc4 Nb6 6. Bb3 g6 7. d3 Bg7 8. O-O O-O 9. Re1 h6 10. Be3 Na5 11. Nd2 Nxb3 12. Nxb3 Nd5 13. Nxd5 Qxd5 14. Bc5 Bxb2 15. Rb1 Bf6 16. Bxe7 Bxe7 17. Rxe7 Qd6 18. Re3 Bd7 19. Qd2 Rfe8 20. Rbe1 Rxe3 21. Rxe3 Be6 22. Re1 Kh7 23. Rb1 b6 24. c3 c5 25. Rd1 Bxb3 26. axb3 Qe6 27. c4 Re8 28. g3 Rd8 29. Re1 Qd6 30. Re3 Qf6 31. Kg2 Kg7 32. b4 cxb4 33. Qxb4 a5 34. Qb5 Qd6 35. Kf1 Qd4 36. Ke2 Rd6 37. Qe5+ Qxe5 38. Rxe5 Re6 39. f4 Kf6 40. d4 1/2-1/2

[Event "GBR-ch111 Major Open"]
[Site "Liverpool"]
[Date "2025.08.03"]
[Round "2.44"]
[White "Eldridge, Albert"]
[Black "Freeman, Luke"]
[Result "1/2-1/2"]
[WhiteElo "1792"]
[BlackElo "1963"]
[PlyCount "74"]
[EventDate "2025.08.02"]
[EventType "swiss"]
[EventRounds "9"]
[EventCountry "GBR"]
[SourceTitle "BritBase"]
[Source "John Saunders"]
[SourceDate "2025.08.11"]
[SourceVersion "1"]
[SourceVersionDate "2025.08.11"]
[SourceQuality "1"]

1. d4 Nf6 2. c4 g6 3. Nf3 Bg7 4. e3 c6 5. Be2 O-O 6. O-O d5 7. Nc3 Nbd7 8. Qb3 dxc4 9. Bxc4 Nb6 10. Rd1 Nxc4 11. Qxc4 Be6 12. Qe2 h6 13. e4 Qa5 14. Bf4 Qh5 15. Nd2 Qxe2 16. Nxe2 Nd7 17. Rac1 g5 18. Be3 f5 19. exf5 Bxf5 20. Ng3 Bg6 21. Nde4 Rfd8 22. b3 Rac8 23. Rd2 Nf8 24. d5 cxd5 25. Rxc8 Rxc8 26. Rxd5 Rc2 27. Ra5 a6 28. h3 Kh7 29. Nd2 Bc3 30. Rd5 Rxa2 31. Nde4 Bg7 32. Bc5 Ra5 33. b4 Rb5 34. Rd1 Ne6 35. Bxe7 Bxe4 36. Nxe4 Re5 37. f3 Kg6 1/2-1/2

[Event "GBR-ch111 Major Open"]
[Site "Liverpool"]
[Date "2025.08.03"]
[Round "2.45"]
[White "Ashworth, Robert M"]
[Black "Keen, Maya"]
[Result "1/2-1/2"]
[WhiteElo "1951"]
[BlackElo "1805"]
[PlyCount "33"]
[EventDate "2025.08.02"]
[EventType "swiss"]
[EventRounds "9"]
[EventCountry "GBR"]
[SourceTitle "BritBase"]
[Source "John Saunders"]
[SourceDate "2025.08.11"]
[SourceVersion "1"]
[SourceVersionDate "2025.08.11"]
[SourceQuality "1"]

1. e4 c5 2. Nf3 d6 3. Bb5+ Bd7 4. Bxd7+ Nxd7 5. O-O Ngf6 6. Re1 e6 7. c3 Be7 8. d4 O-O 9. Nbd2 b5 10. Nf1 Re8 11. Ng3 Qc7 12. h3 Rac8 13. Be3 Qb7 14. Nd2 a5 15. Qf3 c4 16. Rac1 Nb6 17. Nh5 1/2-1/2

[Event "GBR-ch111 Major Open"]
[Site "Liverpool"]
[Date "2025.08.03"]
[Round "2.46"]
[White "Zhu, Pengxiao"]
[Black "Ding, Yicheng"]
[Result "1-0"]
[WhiteElo "1938"]
[BlackElo "1793"]
[PlyCount "97"]
[EventDate "2025.08.02"]
[EventType "swiss"]
[EventRounds "9"]
[EventCountry "GBR"]
[SourceTitle "BritBase"]
[Source "John Saunders"]
[SourceDate "2025.08.11"]
[SourceVersion "1"]
[SourceVersionDate "2025.08.11"]
[SourceQuality "1"]

1. d4 Nf6 2. c4 e6 3. Nf3 b6 4. g3 d5 5. Bg2 Be7 6. O-O O-O 7. Nc3 Bb7 8. cxd5 exd5 9. Bf4 Bd6 10. Ne5 c6 11. Rc1 Nh5 12. e3 Nxf4 13. exf4 Nd7 14. Re1 Re8 15. Na4 Rc8 16. Bh3 Bxe5 17. fxe5 Rc7 18. Nc3 Nf8 19. Qc2 Bc8 20. Bg2 Ne6 21. Red1 Qg5 22. f4 Qg4 23. Qf2 g6 24. Rd2 Ree7 25. Rdc2 Bb7 26. Nd1 Ng7 27. Ne3 Qc8 28. b4 a6 29. Bf3 h5 30. Bg2 Kh8 31. h4 Nf5 32. Bh3 b5 33. Bxf5 gxf5 34. Qf3 f6 35. Qxh5+ Kg8 36. Qxf5 fxe5 37. Qxc8+ Rxc8 38. dxe5 Rf8 39. Ng4 Rg7 40. Nf6+ Rxf6 41. exf6 Rxg3+ 42. Rg2 Rxg2+ 43. Kxg2 Kf7 44. Kf2 Kxf6 45. Ke3 Kf5 46. Rg1 d4+ 47. Kxd4 Kxf4 48. h5 Bc8 49. h6 1-0

[Event "GBR-ch111 Major Open"]
[Site "Liverpool"]
[Date "2025.08.03"]
[Round "2.47"]
[White "Vaidyanathan, Sathya"]
[Black "Mize, Dylan"]
[Result "1-0"]
[WhiteElo "1915"]
[BlackElo "1791"]
[PlyCount "77"]
[EventDate "2025.08.02"]
[EventType "swiss"]
[EventRounds "9"]
[EventCountry "GBR"]
[SourceTitle "BritBase"]
[Source "John Saunders"]
[SourceDate "2025.08.11"]
[SourceVersion "1"]
[SourceVersionDate "2025.08.11"]
[SourceQuality "1"]

1. e4 c6 2. d4 d5 3. exd5 cxd5 4. Bd3 Nc6 5. c3 Nf6 6. Bf4 Bg4 7. Qb3 Na5 8. Qa4+ Nc6 9. Nd2 e6 10. Ngf3 Bd6 11. Bxd6 Qxd6 12. O-O O-O 13. Rae1 Qc7 14. Ne5 Bh5 15. f4 Bg6 16. Bxg6 hxg6 17. Qd1 Ne7 18. g4 Rfe8 19. Qf3 Nc8 20. Qh3 Nd6 21. Qh4 Nfe4 22. Nxe4 dxe4 23. Re3 Qd8 24. Qe1 Rc8 25. Rh3 Rc7 26. g5 Nf5 27. Qxe4 b5 28. a3 a5 29. Nd3 Qd6 30. Re1 Rb8 31. Qe5 Qc6 32. Qe2 Rcc8 33. Qf2 Rd8 34. Re5 Kf8 35. Qf3 Qd6 36. Rc5 Rdc8 37. Rxc8+ Rxc8 38. Rh8+ Ke7 39. Rxc8 1-0

[Event "GBR-ch111 Major Open"]
[Site "Liverpool"]
[Date "2025.08.03"]
[Round "2.48"]
[White "Keely, Leo A"]
[Black "Sahoo, Shivam"]
[Result "1-0"]
[WhiteElo "1906"]
[BlackElo "1791"]
[PlyCount "59"]
[EventDate "2025.08.02"]
[EventType "swiss"]
[EventRounds "9"]
[EventCountry "GBR"]
[SourceTitle "BritBase"]
[Source "John Saunders"]
[SourceDate "2025.08.11"]
[SourceVersion "1"]
[SourceVersionDate "2025.08.11"]
[SourceQuality "1"]

1. e4 c5 2. Nf3 Nc6 3. d4 cxd4 4. Nxd4 Nf6 5. Nc3 e5 6. Ndb5 d6 7. Bg5 a6 8. Na3 b5 9. Nd5 Be7 10. Bxf6 Bxf6 11. c3 Rb8 12. Be2 O-O 13. O-O Bg5 14. Nc2 g6 15. a4 bxa4 16. Rxa4 Rxb2 17. Bxa6 Bxa6 18. Rxa6 Qd7 19. Ncb4 Nxb4 20. cxb4 Kg7 21. f4 Bh4 22. f5 Rc8 23. f6+ Kh8 24. Nb6 Qb7 25. Nxc8 Qxa6 26. Nxd6 Qa7+ 27. Kh1 Rxb4 28. Qd2 Qd4 29. Qh6 Bxf6 30. Qf8# 1-0

[Event "GBR-ch111 Major Open"]
[Site "Liverpool"]
[Date "2025.08.03"]
[Round "2.49"]
[White "Patton, Zachary"]
[Black "Whittington, Reece W"]
[Result "1-0"]
[WhiteElo "1899"]
[BlackElo "1778"]
[PlyCount "47"]
[EventDate "2025.08.02"]
[EventType "swiss"]
[EventRounds "9"]
[EventCountry "GBR"]
[SourceTitle "BritBase"]
[Source "John Saunders"]
[SourceDate "2025.08.11"]
[SourceVersion "1"]
[SourceVersionDate "2025.08.11"]
[SourceQuality "1"]

1. e4 e6 2. d4 d5 3. Nd2 Nf6 4. e5 Nfd7 5. c3 c5 6. f4 Nc6 7. Ndf3 Be7 8. h4 Qb6 9. a3 cxd4 10. cxd4 O-O 11. Bd3 f6 12. b4 fxe5 13. fxe5 a5 14. Ra2 axb4 15. Bxh7+ Kh8 16. Bg6 Qb5 17. Bd3 Qa4 18. Qe2 bxa3 19. Ng5 Bxg5 20. hxg5+ Kg8 21. Bg6 Rf1+ 22. Qxf1 Nd8 23. Bh7+ Kh8 24. Bc2+ 1-0

[Event "GBR-ch111 Major Open"]
[Site "Liverpool"]
[Date "2025.08.03"]
[Round "2.50"]
[White "Chantrell, Paul"]
[Black "Hughes, Padraig"]
[Result "1/2-1/2"]
[WhiteElo "1768"]
[BlackElo "1877"]
[PlyCount "109"]
[EventDate "2025.08.02"]
[EventType "swiss"]
[EventRounds "9"]
[EventCountry "GBR"]
[SourceTitle "BritBase"]
[Source "John Saunders"]
[SourceDate "2025.08.11"]
[SourceVersion "1"]
[SourceVersionDate "2025.08.11"]
[SourceQuality "1"]

1. e4 d5 2. exd5 Nf6 3. Bb5+ Nbd7 4. Nc3 a6 5. Be2 b5 6. a3 Bb7 7. d4 Nb6 8. Bf3 Nbxd5 9. Nxd5 Bxd5 10. Bf4 e6 11. Bg5 Be7 12. Bxf6 Bxf6 13. c3 O-O 14. Bxd5 Qxd5 15. Nf3 Rfd8 16. O-O a5 17. Qc2 c5 18. dxc5 Qxc5 19. Rfd1 b4 20. axb4 axb4 21. Rxd8+ Rxd8 22. c4 g6 23. Rc1 Ra8 24. Qb3 Be7 25. Rd1 Rc8 26. Rc1 Qa7 27. h3 Bc5 28. Rf1 Qc7 29. Qc2 Ra8 30. Qb3 Qf4 31. Ne1 Bd6 32. g3 Qd4 33. Nc2 Qd2 34. Ne3 Be5 35. Rb1 Bd4 36. Nd1 Ra5 37. Qf3 Rf5 38. Qg2 Qc2 39. Ra1 Bxb2 40. Nxb2 Qxb2 41. Qf1 Kg7 42. Rb1 Qd2 43. Rd1 Qc3 44. Rc1 Qf3 45. Qe1 Qb3 46. c5 Rd5 47. c6 Rd8 48. Qe5+ Kg8 49. c7 Rc8 50. Qd6 Qd5 51. Qxb4 h5 52. Qb6 Qd2 53. Qc6 Qd5 54. Qb6 Kg7 55. Kh2 1/2-1/2

[Event "GBR-ch111 Major Open"]
[Site "Liverpool"]
[Date "2025.08.03"]
[Round "2.51"]
[White "Taylor, Matthew"]
[Black "Lukhi, Neev"]
[Result "0-1"]
[WhiteElo "1762"]
[BlackElo "1869"]
[PlyCount "78"]
[EventDate "2025.08.02"]
[EventType "swiss"]
[EventRounds "9"]
[EventCountry "GBR"]
[SourceTitle "BritBase"]
[Source "John Saunders"]
[SourceDate "2025.08.11"]
[SourceVersion "1"]
[SourceVersionDate "2025.08.11"]
[SourceQuality "1"]

1. c4 e6 2. Nc3 d5 3. cxd5 exd5 4. d4 Nf6 5. Bf4 c6 6. Nf3 Bg4 7. e3 Nbd7 8. h3 Bh5 9. Be2 Bb4 10. O-O O-O 11. Qc2 Re8 12. a3 Bxc3 13. Qxc3 Ne4 14. Qc2 Rc8 15. b4 a5 16. Ne1 Bg6 17. Nd3 axb4 18. axb4 b6 19. f3 Nef6 20. Qc1 c5 21. bxc5 Bxd3 22. Bxd3 bxc5 23. dxc5 Nxc5 24. Qa3 Nh5 25. Bh2 d4 26. e4 Qb6 27. Rab1 Qh6 28. Bb5 Red8 29. Rfc1 d3 30. g4 Qe3+ 31. Kg2 Nxe4 32. fxe4 Qxe4+ 33. Kf2 Qe2+ 34. Kg1 Qe3+ 35. Kg2 Rc2+ 36. Rxc2 dxc2 37. Qxe3 cxb1=Q 38. Be2 Nf6 39. Qe7 Re8 0-1

[Event "GBR-ch111 Major Open"]
[Site "Liverpool"]
[Date "2025.08.03"]
[Round "2.52"]
[White "Waterfield, Mark B"]
[Black "Storey, Cameron"]
[Result "1-0"]
[WhiteElo "1869"]
[BlackElo "1774"]
[PlyCount "135"]
[EventDate "2025.08.02"]
[EventType "swiss"]
[EventRounds "9"]
[EventCountry "GBR"]
[SourceTitle "BritBase"]
[Source "John Saunders"]
[SourceDate "2025.08.11"]
[SourceVersion "1"]
[SourceVersionDate "2025.08.11"]
[SourceQuality "1"]

1. e4 g6 2. d4 Bg7 3. Nc3 d6 4. Be3 a6 5. Qd2 b5 6. a4 b4 7. Na2 a5 8. c3 bxc3 9. Nxc3 Nc6 10. Bb5 Bd7 11. Nf3 Nf6 12. h3 e5 13. dxe5 Nxe5 14. Nxe5 dxe5 15. Qc2 c6 16. Bc4 Qe7 17. O-O O-O 18. Rfd1 Be6 19. Bxe6 Qxe6 20. Rd2 Rab8 21. Bc5 Rfe8 22. Rad1 Qc4 23. Ba3 Bf8 24. Bxf8 Kxf8 25. Rd6 Kg7 26. R1d2 Rb4 27. f3 Reb8 28. Nd1 Rxa4 29. Rxc6 Qxc2 30. Rcxc2 Rab4 31. Rc5 R4b5 32. Rxb5 Rxb5 33. Ne3 Rb4 34. Kf2 a4 35. Ke2 Rb3 36. Nc4 Kf8 37. Nxe5 a3 38. bxa3 Rxa3 39. Kf2 Ra7 40. Rd8+ Kg7 41. g4 Re7 42. Nc4 Rd7 43. Rxd7 Nxd7 44. f4 f6 45. Ke3 Kf7 46. Kd4 Nf8 47. f5 Ke7 48. Kd5 gxf5 49. gxf5 Nd7 50. h4 h5 51. Na5 Nb6+ 52. Kd4 Kd7 53. Nb7 Ke7 54. Nc5 Kf7 55. Nd3 Nd7 56. Ke3 Kg7 57. Kf4 Kh6 58. e5 fxe5+ 59. Nxe5 Nf6 60. Nf7+ Kg7 61. Nd6 Kh6 62. Ne4 Nh7 63. Ke5 Kg7 64. Ke6 Nf8+ 65. Ke7 Nh7 66. f6+ Kg6 67. f7 Kg7 68. Nf6 1-0

[Event "GBR-ch111 Major Open"]
[Site "Liverpool"]
[Date "2025.08.03"]
[Round "2.53"]
[White "Sedykh, Stakhey"]
[Black "Collins, Jonathan L"]
[Result "1-0"]
[WhiteElo "1756"]
[BlackElo "1868"]
[PlyCount "139"]
[EventDate "2025.08.02"]
[EventType "swiss"]
[EventRounds "9"]
[EventCountry "GBR"]
[SourceTitle "BritBase"]
[Source "John Saunders"]
[SourceDate "2025.08.11"]
[SourceVersion "1"]
[SourceVersionDate "2025.08.11"]
[SourceQuality "1"]

1. e4 e5 2. Nf3 Nc6 3. Bc4 Nf6 4. d3 Be7 5. Bg5 d6 6. c3 O-O 7. Nbd2 Na5 8. Bb5 a6 9. Ba4 b5 10. Bc2 c5 11. h3 Nc6 12. O-O Ne8 13. Be3 Kh8 14. d4 cxd4 15. cxd4 Bf6 16. d5 Na5 17. b4 Nb7 18. a4 Bd7 19. a5 Rg8 20. Nh2 Bg5 21. f4 exf4 22. Bxf4 Bf6 23. Ra3 g5 24. Bg3 Ng7 25. Raf3 Nh5 26. Rxf6 Nxf6 27. e5 Qe8 28. exf6 Qe3+ 29. Bf2 Qc3 30. Bxh7 g4 31. Bxg8 Rxg8 32. hxg4 Qxf6 33. Ndf3 Qg6 34. Bd4+ Kh7 35. Qb1 Qxb1 36. Rxb1 Bxg4 37. Nxg4 Rxg4 38. Re1 Rf4 39. Re7 Nxa5 40. Rxf7+ Rxf7 41. Ng5+ Kg6 42. Nxf7 Nc4 43. Nd8 Kf5 44. Kf2 Ke4 45. Bc3 Nb6 46. Nf7 Kxd5 47. g4 Ke6 48. Ng5+ Ke7 49. Kf3 Nd5 50. Bd2 Nf6 51. Ne4 Ne8 52. Kf4 Ke6 53. Bc3 Nc7 54. Kg5 Kd5 55. Kf5 Kc4 56. Be1 d5 57. Nd6+ Kd3 58. g5 d4 59. g6 Nd5 60. Bh4 Ne3+ 61. Kf4 Nd5+ 62. Ke5 Ne3 63. Bg5 a5 64. Nxb5 Nc4+ 65. Kf4 axb4 66. Nxd4 Kxd4 67. Bf6+ Kd3 68. g7 Ne3 69. g8=Q Nc4 70. Qd5+ 1-0

[Event "GBR-ch111 Major Open"]
[Site "Liverpool"]
[Date "2025.08.03"]
[Round "2.54"]
[White "Liu, Jacob"]
[Black "Berkley, Stephen W"]
[Result "1-0"]
[WhiteElo "1859"]
[BlackElo "1748"]
[PlyCount "116"]
[EventDate "2025.08.02"]
[EventType "swiss"]
[EventRounds "9"]
[EventCountry "GBR"]
[SourceTitle "BritBase"]
[Source "John Saunders"]
[SourceDate "2025.08.11"]
[SourceVersion "1"]
[SourceVersionDate "2025.08.11"]
[SourceQuality "1"]

1. e4 e6 2. d4 d5 3. Nd2 dxe4 4. Nxe4 Qd5 5. Ng5 Nf6 6. Be3 h6 7. N5f3 Nc6 8. Bd3 e5 9. c4 Qa5+ 10. Bd2 Bb4 11. d5 e4 12. dxc6 exd3 13. a3 Bxd2+ 14. Qxd2 Qxd2+ 15. Kxd2 bxc6 16. Re1+ Kf8 17. Ne5 Ng4 18. Nxg4 Bxg4 19. Kxd3 Re8 20. Rxe8+ Kxe8 21. Ne2 Kd7 22. b4 Bxe2+ 23. Kxe2 Ra8 24. Rd1+ Ke7 25. a4 Rb8 26. b5 cxb5 27. cxb5 Rb6 28. Rd4 c6 29. bxc6 Rxc6 30. Kd3 Rd6 31. Rxd6 Kxd6 32. Kc4 Kc6 33. a5 a6 34. f3 Kd6 35. g3 Kc6 36. f4 Kd6 37. g4 Kc6 38. h4 f6 39. h5 Kd6 40. Kd4 Kc6 41. Ke4 Kb5 42. Kf5 Kxa5 43. Kg6 Kb5 44. Kxg7 a5 45. Kxh6 a4 46. Kg6 a3 47. h6 a2 48. h7 a1=Q 49. h8=Q Qb1+ 50. Kg7 Qg1 51. Qe8+ Kc4 52. Kxf6 Qd4+ 53. Qe5 Qd8+ 54. Kf5 Qf8+ 55. Qf6 Qc5+ 56. Kg6 Qg1 57. g5 Qb1+ 58. Kg7 Kd5 1-0

[Event "GBR-ch111 Major Open"]
[Site "Liverpool"]
[Date "2025.08.03"]
[Round "2.55"]
[White "Perkins, Chris"]
[Black "Bartlett, Joel"]
[Result "0-1"]
[WhiteElo "1747"]
[BlackElo "1858"]
[PlyCount "98"]
[EventDate "2025.08.02"]
[EventType "swiss"]
[EventRounds "9"]
[EventCountry "GBR"]
[SourceTitle "BritBase"]
[Source "John Saunders"]
[SourceDate "2025.08.11"]
[SourceVersion "1"]
[SourceVersionDate "2025.08.11"]
[SourceQuality "1"]

1. e4 e5 2. Nc3 Nf6 3. f4 d5 4. fxe5 Nxe4 5. Qf3 Nc6 6. Bb5 Nxc3 7. dxc3 Qh4+ 8. g3 Qe4+ 9. Qxe4 dxe4 10. Ne2 Bd7 11. Bxc6 Bxc6 12. Rf1 Rd8 13. Nd4 Rd5 14. Bf4 Bd7 15. O-O-O c5 16. Nb3 Rxd1+ 17. Rxd1 f5 18. exf6 gxf6 19. Nd2 Bg4 20. Rf1 f5 21. Nc4 Be2 22. Ne3 Bxf1 23. Nxf1 Kf7 24. Ne3 Ke6 25. c4 h5 26. h4 Bh6 27. Nd5 Bxf4+ 28. Nxf4+ Kf6 29. Kd2 b6 30. a3 Rh6 31. Ke2 Ke5 32. c3 a6 33. Ke3 b5 34. cxb5 axb5 35. b3 c4 36. bxc4 bxc4 37. a4 Rd6 38. a5 Rh6 39. Ke2 Ra6 40. Nxh5 Rxa5 41. Nf4 Ra2+ 42. Ke3 Rc2 43. Ne2 Kf6 44. Kf2 Rd2 45. Ke3 Rd3+ 46. Kf2 Rf3+ 47. Kg2 Kg6 48. Kg1 Kh5 49. Nf4+ Rxf4 0-1

[Event "GBR-ch111 Major Open"]
[Site "Liverpool"]
[Date "2025.08.03"]
[Round "2.56"]
[White "Cowan, Xavier"]
[Black "Wainwright, Charlie"]
[Result "1-0"]
[WhiteElo "1854"]
[BlackElo "1743"]
[PlyCount "97"]
[EventDate "2025.08.02"]
[EventType "swiss"]
[EventRounds "9"]
[EventCountry "GBR"]
[SourceTitle "BritBase"]
[Source "John Saunders"]
[SourceDate "2025.08.11"]
[SourceVersion "1"]
[SourceVersionDate "2025.08.11"]
[SourceQuality "1"]

1. d4 d5 2. c4 Bf5 3. Nf3 e6 4. e3 Nf6 5. Bd3 c6 6. O-O Nbd7 7. Nc3 Bxd3 8. Qxd3 dxc4 9. Qxc4 Nb6 10. Qb3 Be7 11. e4 h6 12. Be3 Ng4 13. Ne5 Nxe3 14. fxe3 O-O 15. Rxf7 Rxf7 16. Qxe6 Qf8 17. Rf1 Bf6 18. Qxf7+ Qxf7 19. Nxf7 Kxf7 20. e5 Re8 21. e4 c5 22. Nb5 Re6 23. exf6 cxd4 24. Nxd4 Rxf6 25. Nb5 Nc4 26. b3 Nd2 27. Nd6+ Ke6 28. Rxf6+ Kxf6 29. Kf2 Ke5 30. Nxb7 Nxe4+ 31. Ke3 Kd5 32. Nd8 Nf6 33. h3 Ne8 34. a3 Nd6 35. Kf4 g6 36. a4 a6 37. a5 g5+ 38. Kg4 Kc5 39. Kh5 Kb5 40. Kxh6 g4 41. hxg4 Kxa5 42. g5 Kb4 43. g4 Kxb3 44. g6 Ne8 45. g7 Nxg7 46. Kxg7 a5 47. Nb7 a4 48. Nc5+ Kb4 49. Nxa4 1-0

[Event "GBR-ch111 Major Open"]
[Site "Liverpool"]
[Date "2025.08.03"]
[Round "2.57"]
[White "Buffard, Julien"]
[Black "Bennett, Max"]
[Result "1/2-1/2"]
[WhiteElo "1732"]
[BlackElo "1852"]
[PlyCount "32"]
[EventDate "2025.08.02"]
[EventType "swiss"]
[EventRounds "9"]
[EventCountry "GBR"]
[SourceTitle "BritBase"]
[Source "John Saunders"]
[SourceDate "2025.08.11"]
[SourceVersion "1"]
[SourceVersionDate "2025.08.11"]
[SourceQuality "1"]

1. e4 c6 2. d4 d5 3. f3 Qb6 4. Nc3 dxe4 5. fxe4 e5 6. Nf3 exd4 7. Nxd4 Nf6 8. e5 Ng4 9. e6 Bxe6 10. Bc4 Bxc4 11. Qxg4 c5 12. Qe4+ Be6 13. Nd5 Qd6 14. Nxe6 fxe6 15. Nf4 Nc6 16. Qxe6+ Qxe6+ 1/2-1/2

[Event "GBR-ch111 Major Open"]
[Site "Liverpool"]
[Date "2025.08.03"]
[Round "2.58"]
[White "Banerjee, Sanjoy K"]
[Black "Gunatilake, Vinuda"]
[Result "1-0"]
[WhiteElo "1729"]
[BlackElo "1851"]
[PlyCount "57"]
[EventDate "2025.08.02"]
[EventType "swiss"]
[EventRounds "9"]
[EventCountry "GBR"]
[SourceTitle "BritBase"]
[Source "John Saunders"]
[SourceDate "2025.08.11"]
[SourceVersion "1"]
[SourceVersionDate "2025.08.11"]
[SourceQuality "1"]

1. d4 d5 2. c4 e6 3. Nf3 Nf6 4. Nc3 Nbd7 5. Bf4 c6 6. e3 Qa5 7. Nd2 Ne4 8. Ndxe4 dxe4 9. a3 f5 10. b4 Qd8 11. h4 a5 12. c5 e5 13. dxe5 Qe7 14. Rc1 axb4 15. axb4 b6 16. Qd6 Nb8 17. Bc4 Qa7 18. cxb6 Qa3 19. Qd2 Qxb4 20. Ne2 Qxb6 21. O-O Bb4 22. Qb2 c5 23. Rfd1 Nd7 24. Rd6 Qa5 25. Rcd1 Rf8 26. e6 Nf6 27. e7 Rf7 28. Rd8+ Kxe7 29. Qe5+ 1-0

[Event "GBR-ch111 Major Open"]
[Site "Liverpool"]
[Date "2025.08.03"]
[Round "2.59"]
[White "Ruane, Brendan J"]
[Black "Nus, Jonah Bram Erik"]
[Result "1-0"]
[WhiteElo "1848"]
[BlackElo "1724"]
[PlyCount "129"]
[EventDate "2025.08.02"]
[EventType "swiss"]
[EventRounds "9"]
[EventCountry "GBR"]
[SourceTitle "BritBase"]
[Source "John Saunders"]
[SourceDate "2025.08.11"]
[SourceVersion "1"]
[SourceVersionDate "2025.08.11"]
[SourceQuality "1"]

1. e4 e5 2. Nf3 Nc6 3. Bb5 a6 4. Ba4 Nf6 5. Qe2 Be7 6. O-O O-O 7. c3 b5 8. Bb3 d5 9. d3 dxe4 10. dxe4 Bg4 11. Rd1 Qc8 12. Nbd2 h6 13. a4 Rb8 14. axb5 axb5 15. h3 Bxf3 16. Nxf3 Bd6 17. Nh4 b4 18. Qc4 Ne7 19. Bc2 Kh8 20. Ra7 bxc3 21. bxc3 Ra8 22. Rxa8 Qxa8 23. Be3 Nd7 24. Ba4 Nf6 25. f3 Nh5 26. Nf5 Nxf5 27. exf5 Nf4 28. Bc6 Qd8 29. Kh2 Qf6 30. Be4 Rb8 31. Rd2 Qe7 32. g3 Nh5 33. Bd5 Kg8 34. Be4 Kf8 35. Qc6 Nf6 36. c4 Qd7 37. Qa6 Qe7 38. Qa7 Nd7 39. Bc6 Bc5 40. Bxc5 Qxc5 41. Qxc7 Qe7 42. Qxd7 Qxd7 43. Bxd7 Rb3 44. Kg2 Rc3 45. Bb5 Ke7 46. g4 Kf6 47. Re2 Rc1 48. Kf2 Rh1 49. Ke3 Ke7 50. Rd2 Rb1 51. Ke4 Rb3 52. Kxe5 Rxf3 53. Rd7+ Kf8 54. Rd8+ Ke7 55. Rd7+ Kf8 56. Kd6 Rd3+ 57. Kc6 Rxh3 58. c5 h5 59. gxh5 Rxh5 60. Bd3 Ke8 61. Rd6 Ke7 62. Kc7 g5 63. c6 Rh3 64. f6+ Ke8 65. Rd8# 1-0

[Event "GBR-ch111 Major Open"]
[Site "Liverpool"]
[Date "2025.08.03"]
[Round "2.60"]
[White "Railwani, Tavish"]
[Black "Clerc, Oceane"]
[Result "1/2-1/2"]
[WhiteElo "1714"]
[BlackElo "1844"]
[PlyCount "105"]
[EventDate "2025.08.02"]
[EventType "swiss"]
[EventRounds "9"]
[EventCountry "GBR"]
[SourceTitle "BritBase"]
[Source "John Saunders"]
[SourceDate "2025.08.11"]
[SourceVersion "1"]
[SourceVersionDate "2025.08.11"]
[SourceQuality "1"]

1. e4 c5 2. Nf3 e6 3. d4 cxd4 4. Nxd4 Nf6 5. Nc3 Nc6 6. Ndb5 Bb4 7. a3 Bxc3+ 8. Nxc3 d5 9. exd5 exd5 10. Bd3 O-O 11. O-O Bg4 12. f3 Be6 13. Kh1 Qb6 14. b4 Ne5 15. Na4 Qc6 16. b5 Qc8 17. Bb2 Nxd3 18. cxd3 Nd7 19. Rc1 Qd8 20. Bc3 Qh4 21. Bb4 Rfc8 22. Nc5 Nxc5 23. Bxc5 Qf4 24. Qe2 Bf5 25. Rfd1 Qh6 26. Qf2 a6 27. Be3 Qg6 28. Rxc8+ Rxc8 29. bxa6 Qxa6 30. Qa2 Qb5 31. a4 Qc6 32. Qa3 Ra8 33. Ra1 Qc2 34. d4 b5 35. a5 Qc7 36. Qb4 Bd7 37. Bf2 h6 38. Bg3 Qc4 39. Qxc4 bxc4 40. a6 c3 41. a7 c2 42. Bb8 Kf8 43. Rc1 Ba4 44. Kg1 Ke7 45. Kf2 Kd7 46. Ke3 Kc6 47. Kd3 Kb5 48. Kc3 Ka5 49. Bc7+ Kb5 50. Bb8 Ka5 51. Bc7+ Kb5 52. Bb8 Ka5 53. Bc7+ 1/2-1/2